A concise history of Pakistan / (Record no. 16260)

000 -LEADER
fixed length control field 01028cam a2200301 a 4500
001 - CONTROL NUMBER
control field 17177054
005 - DATE AND TIME OF LATEST TRANSACTION
control field 20170105102936.0
008 - FIXED-LENGTH DATA ELEMENTS--GENERAL INFORMATION
fixed length control field 120223s2012 pk b 001 0 eng
010 ## - LIBRARY OF CONGRESS CONTROL NUMBER
LC control number 2011329640
020 ## - INTERNATIONAL STANDARD BOOK NUMBER
International Standard Book Number 9780199065127
025 ## - OVERSEAS ACQUISITION NUMBER
Overseas acquisition number P-E-2011329640 ; 31
037 ## - SOURCE OF ACQUISITION
Source of stock number/acquisition Library of Congress -- Islamabad Overseas Office
Terms of availability Rs795.00
040 ## - CATALOGING SOURCE
Original cataloging agency DLC
Transcribing agency DLC
042 ## - AUTHENTICATION CODE
Authentication code lcode
-- pcc
043 ## - GEOGRAPHIC AREA CODE
Geographic area code a-pk---
-- ai---
050 00 - LIBRARY OF CONGRESS CALL NUMBER
Classification number DS382
Item number .K356 2012
082 ## - DEWEY DECIMAL CLASSIFICATION NUMBER
Classification number 954391
Author Mark KAZ 2009
100 1# - MAIN ENTRY--PERSONAL NAME
Personal name Kāẓmī, Muḥammad Raz̤ā,
Dates associated with a name 1945-
245 12 - TITLE STATEMENT
Title A concise history of Pakistan /
Statement of responsibility, etc. M.R. Kazimi.
260 ## - PUBLICATION, DISTRIBUTION, ETC.
Place of publication, distribution, etc. Karachi :
Name of publisher, distributor, etc. Oxford University Press,
Date of publication, distribution, etc. 2012.
300 ## - PHYSICAL DESCRIPTION
Extent xiv, 391 p. ;
Dimensions 24 cm.
504 ## - BIBLIOGRAPHY, ETC. NOTE
Bibliography, etc. note Includes bibliographical references (p. [378]-381) and index.
651 #0 - SUBJECT ADDED ENTRY--GEOGRAPHIC NAME
Geographic name Pakistan
General subdivision History.
651 #0 - SUBJECT ADDED ENTRY--GEOGRAPHIC NAME
Geographic name India
General subdivision Politics and government
Chronological subdivision 1919-1947.
906 ## - LOCAL DATA ELEMENT F, LDF (RLIN)
a 7
b cbc
c origode
d 3
e ncip
f 20
g y-gencatlg
942 ## - ADDED ENTRY ELEMENTS (KOHA)
Source of classification or shelving scheme
Koha item type Book
Holdings
Withdrawn status Lost status Damaged status Not for loan Collection code Permanent Location Current Location Shelving location Date acquired Total Checkouts Full call number Barcode Date last seen Price effective from Koha item type
          Centre for International Peace & Stability (CIPS) Centre for International Peace & Stability (CIPS) General Stacks 03/14/2016   954391 KAZ 2009 CIPS0002787 03/14/2016 03/14/2016 Book
© 2023 Central Library, National University of Sciences and Technology. All Rights Reserved.